000 00688nam a22002057a 4500
003 OSt
005 20260210071134.0
008 260210b |||||||| |||| 00| 0 eng d
020 _a 978-9751-2138-9
040 _aDWC-Main lib
_cOC
082 _214th edition
_aCirc. 617 H659b 2018
100 _aHinkle, Janice
245 _aBrunner & Suddarth's textbook of medical- surgical nursing/
_cJanice Hinkle
250 _a14th edition
260 _aPhiladelphia :
_bWotters klower ,
_cc2018.
300 _alxiv,1221 pages :
_billustrations ;
_c 25cm.
650 _a1. Surgical nursing--Study and teaching
700 _aKerry H. Cheever
942 _2ddc
_cBK-CIRC
_e 14th edition
_kCirc.
_n0
999 _c8345
_d8345